ARRUPE JESUIT UNIVERSITY

CORONAVIRUS -STOP THE SPREAD - CLEAN,DISINFECT,COVER

Enlightened absolutism : (Record no. 119117)

MARC details
000 -LEADER
fixed length control field 01090cam a2200301 a 4500
001 - CONTROL NUMBER
control field 2981194
003 - CONTROL NUMBER IDENTIFIER
control field ARRUPE
005 - DATE AND TIME OF LATEST TRANSACTION
control field 20131205184712.0
008 - FIXED-LENGTH DATA ELEMENTS--GENERAL INFORMATION
fixed length control field 920106s1990 enkb b 001 0 eng c
010 ## - LIBRARY OF CONGRESS CONTROL NUMBER
LC control number 92100957
020 ## - INTERNATIONAL STANDARD BOOK NUMBER
International Standard Book Number 0333439600
020 ## - INTERNATIONAL STANDARD BOOK NUMBER
International Standard Book Number 0333439619 (pbk.)
040 ## - CATALOGING SOURCE
Original cataloging agency MH
Transcribing agency MH
043 ## - GEOGRAPHIC AREA CODE
Geographic area code e------
050 14 - LIBRARY OF CONGRESS CALL NUMBER
Classification number D295
Item number .E55 1990
300 ## - PHYSICAL DESCRIPTION
Other physical details 2 maps ;
Dimensions 23 cm.
245 00 - TITLE STATEMENT
Title Enlightened absolutism :
Remainder of title reform and reformers in later eighteenth-century Europe /
Statement of responsibility, etc edited by H.M. Scott.
260 ## - PUBLICATION, DISTRIBUTION, ETC. (IMPRINT)
Place of publication, distribution, etc Houndmills, Basingstoke, Hampshire :
Name of publisher, distributor, etc Macmillan,
Date of publication, distribution, etc 1990.
300 ## - PHYSICAL DESCRIPTION
Extent ix, 385 p. :
490 1# - SERIES STATEMENT
Series statement Problems in focus series
504 ## - BIBLIOGRAPHY, ETC. NOTE
Bibliography, etc Includes bibliographical references (p. 313-341) and index.
650 #0 - SUBJECT ADDED ENTRY--TOPICAL TERM
Topical term or geographic name as entry element Despotism
Geographic subdivision Europe
General subdivision History
Chronological subdivision 18th century.
9 (RLIN) 5257
650 #0 - SUBJECT ADDED ENTRY--TOPICAL TERM
Topical term or geographic name as entry element Enlightenment
Geographic subdivision Europe.
9 (RLIN) 5258
651 #0 - SUBJECT ADDED ENTRY--GEOGRAPHIC NAME
Geographic name Europe
General subdivision Politics and government
Chronological subdivision 1648-1789.
9 (RLIN) 5259
700 1# - ADDED ENTRY--PERSONAL NAME
Personal name Scott, H. M.
Fuller form of name (Hamish M.),
Dates associated with a name 1946-
9 (RLIN) 5260
830 #0 - SERIES ADDED ENTRY--UNIFORM TITLE
Uniform title Problems in focus series (London, England)
9 (RLIN) 5261
906 ## - LOCAL DATA ELEMENT F, LDF (RLIN)
a 7
b cbc
c orignew
d u
e ncip
f 19
g y-gencatlg
942 ## - ADDED ENTRY ELEMENTS (KOHA)
Source of classification or shelving scheme Library of Congress Classification
Koha item type Monograph ( Printed materials)
Holdings
Withdrawn status Lost status Source of classification or shelving scheme Damaged status Not for loan Home library Current library Shelving location Date acquired Total Checkouts Full call number Barcode Date last seen Price effective from Koha item type
    Library of Congress Classification     ARRUPE LIBRARY ARRUPE LIBRARY Main Collection 05/12/2013   D295 .E55 1990 464123201 13/10/2017 05/12/2013 Monograph ( Printed materials)

 

Arrupe Library. PO Box MP320 Mt Pleasant, Harare, Zimbabwe
263 242 745411|librarian@aju.ac.zw